Omenuko Itumpre Niede Yoruba (Record no. 2669)

MARC details
000 -LEADER
fixed length control field 00307nam a22001337a 4500
008 - FIXED-LENGTH DATA ELEMENTS--GENERAL INFORMATION
fixed length control field 250325b |||||||| |||| 00| 0 eng d
020 ## - INTERNATIONAL STANDARD BOOK NUMBER
ISBN Nil
100 ## - MAIN ENTRY--AUTHOR
Author Ikekeonwu, Clara
245 ## - TITLE STATEMENT
Title Omenuko Itumpre Niede Yoruba
260 ## - PUBLICATION, DISTRIBUTION, ETC. (IMPRINT)
Place of publication Nil
Name of publisher Nil
Date of publication 1999
300 ## - COLLATION
Pagination III, 101
942 ## - ADDED ENTRY ELEMENTS (KOHA)
Item type Books
050 ## - LIBRARY OF CONGRESS CALL NUMBER
Classification number PL884
Item number .I34
Holdings
Source of classification or shelving scheme Not for loan Permanent location Current location Date acquired Accession No. Full call number Barcode. Koha item type
Library of Congress Classification   Samuel Ogbemudia Main Library, University of Abuja Samuel Ogbemudia Main Library, University of Abuja 03/25/2025 99-018968 PL884.I34 2025-0961 Books